=LDR 00000nam 2200000 4500 =001 NUTBA000000000006183 =990 ##$$a 21417592 =990 ##$$a 21417595 =005 20240401105635 =990 ##$$a 21417593 =990 ##$$a 21417592 =035 ##$$a 0010-111400000000662 =990 ##$$a 21417594 =990 ##$$a 21417593 =008 240401###########################0###### =990 ##$$a 21417595 =990 ##$$a 21417594 =020 ##$$a 978-979-063-225-7 =990 ##$$a 21417596 =990 ##$$a 21417596 =040 ##$$a NBPDMAT =082 ##$$a 591 =090 ##$$a 591 $b Mia k =100 ##$$a Mia Yuniati =245 1#$$a Kenapa bisa begini ya ? : $b perilaku unik di sekitarmu /$c Mia Yuniati =260 ##$$a Jakarta :$b Bestari Kids,$c 2011 =300 ##$$a iii, 48 hlm. : $b ilus. ; $c 25 cm. =650 #4$$a Binatang-Bacaan kanak-kanak =084 ##$$a 591 MIA k =990 ##$$a 21417592 =990 ##$$a 21417593 =990 ##$$a 21417594 =990 ##$$a 21417595 =990 ##$$a 21417596